Clausewitz - Statistiques

Statistiques générales
  • Ce quiz a été pris 17 fois
  • Le résultat moyen est 2 sur 33
Statistiques - réponses
Questions Réponses % Correct
Nationalité prussien
73%
Son livre "De la guerre"
45%
Vaincus : France
27%
Naissance et mort de Clausewitz 1780 - 1831
18%
Cause de la mort : Choléra
9%
Exemple du 2nd frein : Le brouillard de guerre
9%
Vainqueurs : Prusse, Frédéric II
9%
Bataille : Rossbach
9%
Objectif : Anéantir l'adversaire
0%
Acteurs : Armées régulières
0%
Elle désigne : Basculement de la guerre régulière en une guerre absolue
0%
Bilan chez les civils : + de 600 000 civils
0%
Bilan chez les soldats : + de 800 000 soldats
0%
En 1818, il devient Directeur de l'Académie de guerre de Prusse
0%
Etudes, métier Etudes militaires, officier
0%
Son but : Etudier les formes et changements de la guerre
0%
2ème modèle de guerre : Guerre absolue, irrégulière
0%
1er modèle de guerre : Guerre réelle, classique, régulière, limitée
0%
Modèle de la Guerre de 7 ans : Guerre réelle, classique, régulière, limitée
0%
1er frein : La politique (la raison)
0%
1er point qui la montre : La volonté du chef de guerre
0%
Exemple du 2nd frein : Le hasard
0%
2nd point qui la montre : le peuple et ses passions
0%
2nd frein : Les frictions (contraintes qui s'opposent à l'action de guerre)
0%
C'est-à-dire : Les imprévus
0%
Paix : Lorsque l'adversaire est exterminé
0%
Expression de Clausewitz : "Montée aux extrêmes"
0%
Paix : négociée, survient quand poursuite de la guerre est improductive
0%
Objectifs : obtenir des "avantages modérés"
0%
Acteurs Peuple
0%
Formes / Conditions : Soumise au politique
0%
Formes / Conditions / Moyens : Violence illimitée, disproportionnée : pas de limites
0%
Moyens : Violence proportionnée, limitée aux moyens disponibles
0%
Aucun quiz correspondant
Distribution des résultats
% des personnes avec chaque résultat
Percentile par nombre de réponses
Votre historique - résultats
Vous n’avez pas pris ce quiz